[Event "Barcelona Sant Marti op 7th"]
[Site "Barcelona"]
[Date "2018.03.01"]
[Round "8"]
[White "Ylla Soro, Rafael"]
[Black "Alcaraz Salas, Ricard"]
[Result "0-1"]
[WhiteElo "1512"]
[BlackElo "1666"]
[PlyCount "28"]
[EventDate "2018.01.11"]
[EventType "swiss"]
[EventRounds "9"]
[EventCountry "ESP"]
[SourceTitle "EXT 2019"]
[Source "ChessBase"]
[SourceDate "2018.10.10"]
[SourceVersion "1"]
[SourceVersionDate "2018.10.10"]
[SourceQuality "1"]

1. e4 e6 2. b3 d5 3. Bb2 Nf6 4. e5 Nfd7 5. Nf3 c5 6. Bb5 a6 7. Bd3 Be7 8. Qe2 Nc6 9. c3 Qc7 10. Bc2 Ndxe5 11. d4 Nxf3+ 12. Qxf3 cxd4 13. Qd3 dxc3 14. Nxc3 Nb4 0-1

[Event "Barcelona Sant Marti op 6th"]
[Site "Barcelona"]
[Date "2017.01.12"]
[Round "1"]
[White "Alcaraz Salas, Ricard"]
[Black "Prats Rodriguez, Juan Bosco"]
[Result "1-0"]
[WhiteElo "1617"]
[BlackElo "1937"]
[PlyCount "49"]
[EventDate "2017.01.12"]
[EventType "swiss"]
[EventRounds "9"]
[EventCountry "ESP"]
[SourceTitle "EXT 2018"]
[Source "ChessBase"]
[SourceDate "2017.10.13"]
[SourceVersion "1"]
[SourceVersionDate "2017.10.13"]
[SourceQuality "1"]

1. c4 e5 2. Nc3 Nc6 3. g3 d6 4. Bg2 Be6 5. d3 Qd7 6. Nf3 Bh3 7. 0-0 Bxg2 8. Kxg2 Nge7 9. d4 exd4 10. Nxd4 0-0-0 11. e4 h5 12. Nf3 Ng6 13. h4 Kb8 14. Be3 Re8 15. Qa4 Nge7 16. Bxa7+ Kc8 17. Be3 Nb8 18. Qa8 Nec6 19. Rfd1 f6 20. Nb5 b6 21. c5 Qg4 22. cxb6 Qxe4 23. bxc7 Kd7 24. Qb7 Ke6 25. Nbd4+ 1-0

[Event "Barcelona La Lira op 34th"]
[Site "Barcelona"]
[Date "2016.02.19"]
[Round "6"]
[White "Sanchez Coves, Juan Josep"]
[Black "Alcaraz Salas, Ricard"]
[Result "1-0"]
[WhiteElo "1596"]
[BlackElo "1815"]
[PlyCount "69"]
[EventDate "2016.01.15"]
[EventType "swiss"]
[EventRounds "8"]
[EventCountry "ESP"]
[SourceTitle "EXT 2017"]
[Source "ChessBase"]
[SourceDate "2016.10.25"]
[SourceVersion "1"]
[SourceVersionDate "2016.10.25"]
[SourceQuality "1"]

1. e4 e6 2. d3 c5 3. Nf3 Nc6 4. g3 d5 5. Nbd2 Nf6 6. Bg2 Be7 7. 0-0 0-0 8. Re1 dxe4 9. dxe4 e5 10. Qe2 h6 11. Nc4 Qc7 12. Bd2 Bg4 13. Ne3 Nd4 14. Qd1 Bh5 15. c3 Ne6 16. Nf5 Rad8 17. Qc1 Rfe8 18. N3h4 Bf8 19. f4 Rd7 20. fxe5 Qxe5 21. Bf4 Nxf4 22. gxf4 Qc7 23. e5 Nh7 24. Qe3 Red8 25. Be4 c4 26. Qg3 Qb6+ 27. Kh1 Kh8 28. Rg1 g6 29. Nd4 Bc5 30. e6 Bxd4 31. exd7 Bxg1 32. Rxg1 Rxd7 33. f5 Ng5 34. Qe5+ Kg8 35. Qe8+ 1-0

[Event "Barcelona La Lira op 34th"]
[Site "Barcelona"]
[Date "2016.02.05"]
[Round "4"]
[White "Corominas Garrido, Jordi"]
[Black "Alcaraz Salas, Ricard"]
[Result "1/2-1/2"]
[WhiteElo "1936"]
[BlackElo "1815"]
[PlyCount "85"]
[EventDate "2016.01.15"]
[EventType "swiss"]
[EventRounds "8"]
[EventCountry "ESP"]
[SourceTitle "EXT 2017"]
[Source "ChessBase"]
[SourceDate "2016.10.25"]
[SourceVersion "1"]
[SourceVersionDate "2016.10.25"]
[SourceQuality "1"]

1. c4 Nf6 2. Nc3 g6 3. Nf3 Bg7 4. g3 0-0 5. Bg2 d6 6. d4 c5 7. 0-0 a6 8. dxc5 dxc5 9. Qc2 Nc6 10. Rd1 Qe8 11. Nd5 Nxd5 12. cxd5 Nd4 13. Nxd4 cxd4 14. e3 dxe3 15. Bxe3 Qb5 16. Bd4 Bf5 17. Qd2 Rfd8 18. Rac1 Bxd4 19. Qxd4 Rac8 20. Qd2 Rxc1 21. Rxc1 Qb6 22. Qe2 Qd6 23. a3 Rc8 24. Rxc8+ Bxc8 25. Qc4 Bd7 26. Qb4 Qxb4 27. axb4 f6 28. f4 Kf7 29. Kf2 g5 30. fxg5 fxg5 31. Ke3 Kf6 32. Kd4 b6 33. Bf1 Bc8 34. Be2 h6 35. Bf3 Bd7 36. Bh5 Bb5 37. Bg4 Bf1 38. Bd7 Be2 39. h4 gxh4 40. gxh4 Bf1 41. Bg4 Bb5 42. Be6 Bf1 43. Bc8 1/2-1/2